European Countries By Last Two Letters - Statistics

General Stats
  • This quiz has been taken 337 times
    251 since last reset
  • The average score is 42 of 46
Answers on the Map
Answers color-coded by a green-red scale on the quiz's map according to % correct below.
 
Answer Stats
Answer % Correct
Switzerland
100%
Czech Republic
97%
Lithuania
97%
North Macedonia
97%
Albania
96%
Austria
96%
Bosnia And Herzegovina
96%
Bulgaria
96%
Croatia
96%
Estonia
96%
Finland
96%
France
96%
Greece
96%
Iceland
96%
Ireland
96%
Latvia
96%
Liechtenstein
96%
Netherlands
96%
Poland
96%
Romania
96%
Russia
96%
Serbia
96%
Slovakia
96%
Slovenia
96%
United Kingdom
96%
Spain
95%
Germany
94%
Portugal
94%
Italy
93%
Norway
93%
Sweden
92%
Ukraine
91%
Denmark
88%
Belarus
87%
Belgium
87%
Cyprus
87%
Hungary
82%
Luxembourg
82%
Monaco
77%
Kosovo
76%
Moldova
76%
San Marino
76%
Vatican City
75%
Andorra
73%
Montenegro
73%
Malta
66%
No matching quizzes found
Score Distribution
Percent of People with Each Score
Percentile by Number Answered
Your Score History
You have not taken this quiz since the last reset